Handwörterbuch zur deutschen Rechtsgeschichte (HRG).
Salvato in:
| Autore principale: | |
|---|---|
| Altri autori: | , , |
| Natura: | Libro |
| Lingua: | inglese |
| Pubblicazione: |
Berlin, Deutschland:
Erich Schmidt,
1971-1990.
|
| Soggetti: | |
| Tags: |
Aggiungi Tag
Nessun Tag, puoi essere il primo ad aggiungerne!!
|
MARC
| LEADER | 00000nam a22000007a 4500 | ||
|---|---|---|---|
| 003 | CL-VaPUC | ||
| 005 | 20220822114450.0 | ||
| 008 | 220601b19711998 ||||| |||| 00| 0 eng d | ||
| 999 | |c 435751 |d 435749 | ||
| 020 | |a 3 503 00015 | ||
| 040 | |c Pontificia Universidad Católica de Valparaíso | ||
| 082 | |a 340.094303 ERL 1971 (I) | ||
| 082 | |a 340.094303 ERL 1978 (II) | ||
| 082 | |a 340.094303 ERL 1984 (III) | ||
| 082 | |a 340.094303 ERL 1990 (IV) | ||
| 082 | |a 340.094303 ERL 1998 (V) | ||
| 100 | 1 | |a Erler, Adalbert |e herausgegeben |9 870076 | |
| 245 | |a Handwörterbuch zur deutschen Rechtsgeschichte (HRG). | ||
| 260 | |a Berlin, Deutschland: |b Erich Schmidt, |c 1971-1990. | ||
| 300 | |a 5 volúmenes | ||
| 500 | |a B.I-II.III-IV-Vc.1. Donación Familia Prof. Alejandro Guzmán Brito. | ||
| 505 | |a Bd. I Aachen-Haussuchung. Bd. II Haustuer-Lippe. Bd.III List-Protonotar. Bd. IV Protonotarius Apostolicus-Strafprozessordnung. Bd. V. Straftheorie - Zycha. Register. | ||
| 583 | |c 20220601 |k Cristina María Rojas Aguilar | ||
| 650 | |a Derecho |z Alemania |x Historia |x Diccionario |9 870077 | ||
| 700 | |a Kaufmann, Ekkehard |e herausgegeben |9 870078 | ||
| 700 | |a Werkmüller, Dieter |e herausgegeben |9 874589 | ||
| 700 | |a Schmidt-Wiegand, Ruth |e philologischer |9 874590 | ||
| 942 | |2 ddc |c BK |n 0 | ||
| 952 | |0 0 |1 0 |2 ddc |4 0 |6 340_094303000000000_ERL_1971 |7 0 |8 C_AGB |9 583347 |a BIBDER |b BIBDER |d 2022-06-01 |h B.I |i 5651480 |o 340.094303 ERL 1971 |p 5651480 |r 2023-01-25 |t 1 |w 2022-06-01 |y BK_US |k AGB | ||
| 952 | |0 0 |1 0 |2 ddc |4 0 |6 340_094303000000000_ERL_1978 |7 0 |8 C_AGB |9 583348 |a BIBDER |b BIBDER |d 2022-06-01 |h B.II |i 5651481 |o 340.094303 ERL 1978 |p 5651481 |r 2023-01-25 |t 1 |w 2022-06-01 |y BK_US |k AGB | ||
| 952 | |0 0 |1 0 |2 ddc |4 0 |6 340_094303000000000_ERL_1984 |7 0 |8 C_AGB |9 583349 |a BIBDER |b BIBDER |d 2022-06-01 |h B.III |i 5651482 |o 340.094303 ERL 1984 |p 5651482 |r 2023-01-25 |t 1 |w 2022-06-01 |y BK_US |k AGB | ||
| 952 | |0 0 |1 0 |2 ddc |4 0 |6 340_094303000000000_ERL_1990 |7 0 |8 C_AGB |9 583350 |a BIBDER |b BIBDER |d 2022-06-01 |h B.IV |i 5651483 |o 340.094303 ERL 1990 |p 5651483 |r 2023-01-25 |t 1 |w 2022-06-01 |y BK_US |k AGB | ||
| 952 | |0 0 |1 0 |2 ddc |4 0 |6 340_094303000000000_ERL_1998 |7 0 |8 C_AGB |9 585710 |a BIBDER |b BIBDER |d 2022-08-02 |e Donación |h B.V |i 5653704 |o 340.094303 ERL 1998 |p 5653704 |r 2023-01-25 |t 1 |w 2022-08-02 |y BK_US |k AGB | ||